[Event "Sachsen-ch U16"]
[Site "Sebnitz"]
[Date "2007.04.13"]
[Round "5"]
[White "Reinsdorf, Christoph"]
[Black "Forch, Valentin"]
[Result "1-0"]
[WhiteElo "1558"]
[BlackElo "1454"]
[PlyCount "69"]
[EventDate "2007.04.10"]
[EventType "swiss"]
[EventRounds "7"]
[EventCountry "GER"]
[SourceTitle "EXT 2008"]
[Source "ChessBase"]
[SourceDate "2007.11.25"]
[SourceVersion "1"]
[SourceVersionDate "2007.11.25"]
[SourceQuality "1"]

1. e4 e6 2. d4 d5 3. exd5 exd5 4. Bd3 Bd6 5. Ne2 Bg4 6. c3 Nf6 7. Qc2 Nbd7 8. 0-0 0-0 9. Bg5 c6 10. Bxh7+ Kh8 11. Bd3 Bxe2 12. Qxe2 Qc7 13. f4 g6 14. Nd2 Rae8 15. Qf2 Kg7 16. Rae1 Rc8 17. g3 Rh8 18. Bxf6+ Nxf6 19. Nf3 Rh5 20. Qc2 Rch8 21. Re2 c5 22. Ne5 R5h6 23. Qd2 c4 24. Bb1 Rh5 25. Bc2 Qc8 26. Ref2 Qh3 27. Rg2 Ng4 28. Nxg4 Qxg4 29. Rgf2 Qd7 30. Qd1 b5 31. Qf3 Be7 32. f5 gxf5 33. Bxf5 Qb7 34. Bg4 R5h6 35. Qxf7# 1-0